000 005550000a22001810004500
003 MACL
005 20160225124604.0
008 160225b xxu||||| |||| 00| 0 eng d
040 _aMACL
_cMACL
041 _aHindi
082 _a800
100 _aगोविन्‍ददास
_940329
245 _aगोविन्‍ददास ग्रन्‍थावली
260 _bभारतीय‍ विश्‍व प्रकाशन
_c1957
_aदिल्‍ली
350 _a7
650 _aLiteracture
_939932
942 _cHIN
_k800
_2ddc
999 _c25045
_d25045